Basic laws of arithmetic, derived using concept-script (Registro nro. 321537)

Detalles MARC
000 -ENCABEZADO
Número de control [NR] 01253nam a2200289 4500
005 - FECHA Y HORA DE LA ÚLTIMA TRANSACCIÓN
control field 20220802140843.0
008 - DE LONGITUD FIJA DE DATOS DE ELEMENTOS - INFORMACIÓN GENERAL
Elementos de longitud fija [NR] 220802s2013 enk |||gr|||| 00| 0 eng d
020 ## - NUMERO INTERNACIONAL NORMALIZADO PARA LIBROS [R]
Número Internacional Normalizado del libro [NR] 9780199281749
020 ## - NUMERO INTERNACIONAL NORMALIZADO PARA LIBROS [R]
Número Internacional Normalizado del libro [NR] 9780198777304
040 ## - FUENTE DE CATALOGACION [NR]
Agencia de catalogación original [NR] CO-BoUCM
Idioma de catalogación [NR] spa
Quien Cataloga Deissy Garcia
Quien Clasifica Deissy Garcia
041 1# - CODIGO DE IDIOMA [R]
Código de idioma para texto/pista de sonido o título separado [R] Inglés
Language code of original and/or intermediate translations of text ger
100 1# - ASIENTO PRINCIPAL--NOMBRE PERSONAL [NR]
ID Autoridad 92620
Nombre personal [NR] Frege, Gottlob
Fechas asociadas con el nombre [NR] 1848-1925
245 10 - MENCION DE TITULO [NR]
Título [NR] Basic laws of arithmetic, derived using concept-script
Parte restante del título [NR] volumes I & II
Mención de responsabilidad, etc. [NR] Gottlob Frege; traducido y editado por Philip A. Ebert y Marcus Rossberg; con Crispín Wright; y el consejo de Michael Beaney... [et al.]; apéndice por Roy T. Cook
260 ## - PUBLICACION, DISTRIBUCION, ETC. (PIE DE IMPRENTA) [R]
Lugar de publicación, distribución, etc. [R] Oxford, Reino Unido
Nombre del editor, distribuidor, etc. [R] Oxford University Press
Fecha de publicación, distribución, etc. [R] 2013
300 ## - DESCRIPCION FISICA [R]
Extensión [R] 2 volúmenes
Otros detalles físicos [NR] ilustraciones
500 ## - NOTA GENERAL [R]
Nota general [NR] Bibliografía Básica - Escuela de Ciencias Humanas - Pregrado en Filosofía
504 ## - NOTA DE BIBLIOGRAFIA, ETC. [R]
Nota de bibliografía, etc. [NR] Incluye referencias bibliográficas e índices
546 ## - NOTA DE IDIOMA [R]
Nota de idioma [NR] Traducido del alemán
650 #7 - ASIENTO SECUNDARIO DE MATERIA - TERMINO TEMATICO [R]
Término temático o nombre geográfico como elemento de entrada [NR] Aritmética
Subdivisión general [R] Teoría
9 (RLIN) 175332
650 #7 - ASIENTO SECUNDARIO DE MATERIA - TERMINO TEMATICO [R]
9 (RLIN) 18801
Término temático o nombre geográfico como elemento de entrada [NR] Lógica simbólica
650 #7 - ASIENTO SECUNDARIO DE MATERIA - TERMINO TEMATICO [R]
9 (RLIN) 18796
Término temático o nombre geográfico como elemento de entrada [NR] Lógica matemática
700 1# - ASIENTO SECUNDARIO - NOMBRE PERSONAL [R]
Nombre personal [NR] Ebert, Philip A.
Término de relación [R] traductor
9 (RLIN) 175333
700 1# - ASIENTO SECUNDARIO - NOMBRE PERSONAL [R]
Nombre personal [NR] Rossberg, Marcus
9 (RLIN) 175334
700 1# - ASIENTO SECUNDARIO - NOMBRE PERSONAL [R]
Nombre personal [NR] Wright, Crispin
9 (RLIN) 175335
942 ## - ELEMENTOS DE ENTRADA AGREGADOS (KOHA)
Sistema de clasificación DEWEY
Tipo de ítem principal el descrito en 300a Libro
Tema principal Ciencias puras
Edición 1
Clasificación 513
Parte restante de la signatura top. F858b
Título oculto en OPAC No
Existencias
Signatura topográfica Código de barras Última vez visto Ejemplar Costo de reposición Price effective from Tipo de ítem Nota pública (OPAC) Perdido Sistema de clasificación Dañado No prestable Tipo de ítem específico Suprimido Ubicación habitual Ubicación actual Localización Fecha de creación Forma de adquisición Costo
513 F858b 100170565 04/12/2025 Ej.1 263360.00 02/08/2022 Libro Fundamentos Matemáticos   DEWEY     Libro   Claustro Claustro 4to piso 02/08/2022 Compra 263360.00